banner-ar

المرجع العملى فى الامتداد القانونى لعقود الايجار / (Record no. 29024)

MARC details
000 -الفاتح
حقل البيانات ثابتة الطول 00843nam a2200253Ia 4500
008 - عناصر البيانات ثابتة الطول - معلومات عامة
حقل البيانات ثابتة الطول 140319s9999 xx 000 0 ara d
040 ## - مصدر الفهرسة
وكالة الفهرسة الأصلية GCL /
وكالة النسخ GCL
082 04 - رقم تصنيف ديوى العشرى
رقم التصنيف 346.02
رقم المادة ج م
100 1# - المدخل الرئيسى - إسم شخصى
الإسم الشخصى جمال الدين طه جمعة
245 10 - بيان العنوان
العنوان المرجع العملى فى الامتداد القانونى لعقود الايجار /
بيان المسئوليه,etc جمال الدين طه جمعة
700 1# - المدخل الاضافى - اسم شخصى
الإسم الشخصى احمد شاكر
260 ## - PUBLICATION, DISTRIBUTION, ETC. (IMPRINT)
تاريخ النشر أو التوزيع 1987
300 ## - الوصف المادى
التعداد 300 ص
490 ## - بيان السلسلة
عنوان السلسلة سلسلة المرجع
رقم المجلد/ التعيين التسلسلي 0
650 04 - المدخل الاضافى بالموضوع-مصطلح موضوعى
مصطلح موضوعي القانون
650 04 - المدخل الاضافى بالموضوع-مصطلح موضوعى
مصطلح موضوعي الاحوال الشخصية
650 04 - المدخل الاضافى بالموضوع-مصطلح موضوعى
مصطلح موضوعي الايجارات
650 04 - المدخل الاضافى بالموضوع-مصطلح موضوعى
مصطلح موضوعي القانون المدنى
650 04 - المدخل الاضافى بالموضوع-مصطلح موضوعى
مصطلح موضوعي الملكية
650 04 - المدخل الاضافى بالموضوع-مصطلح موضوعى
مصطلح موضوعي عقود الايجار
650 04 - المدخل الاضافى بالموضوع-مصطلح موضوعى
مصطلح موضوعي القضاء المستعجل
942 ## - عناصر المدخل الإضافي( كوها)
مصدر التصنيف او مخطط الترفيف Dewey Decimal Classification
Koha [default] item type كتاب
260 ## - PUBLICATION, DISTRIBUTION, ETC. (IMPRINT)
-- [S.N] :
-- 2000 للثقافة والنشر ،
Holdings
حالة التراجع حالة الفقد حالة تلف ليس للاعارة المكان المؤقت الموقع الحالى تاريخ الاكتساب اجمالي اﻻعارات رقم الطلب الباركود تاريخ اخر مشاهدة تاريخ تفعيل السعر نوع وعاء كوها
        مكتبة القاهرة الكبرى مكتبة القاهرة الكبرى 03/26/2014   346.02\ج م 66281 03/26/2014 03/26/2014 كتاب

Powered By

EGPV